Countries that Begin with a Vowel and End with a Consonant - Statistics

General Stats
  • This quiz has been taken 193 times
  • The average score is 12 of 16
Answer Stats
Answer % Correct
Azerbaijan
83%
Afghanistan
82%
Oman
82%
Iran
81%
Iraq
81%
United Kingdom
81%
Uzbekistan
81%
Ireland
80%
Egypt
79%
Ecuador
76%
Iceland
76%
Israel
73%
United Arab Emirates
73%
El Salvador
71%
United States
71%
East Timor
66%
No matching quizzes found
Score Distribution
Percent of People with Each Score
Percentile by Number Answered
Your Score History
You have not taken this quiz